Normal view
MARC view
Entry Topical Term
001 - CONTROL NUMBER
- control field: 1069119
003 - CONTROL NUMBER IDENTIFIER
- control field:
005 - DATE AND TIME OF LATEST TRANSACTION
- control field: 20210627164538.0
008 - FIXED-LENGTH DATA ELEMENTS
- fixed length control field: 210627|| aca||aabn | a|a d
040 ## - CATALOGING SOURCE
- Original cataloging agency:
- Transcribing agency:
150 ## - HEADING--TOPICAL TERM
- Topical term or geographic name entry element: University extension
- Geographic subdivision: India
- Form subdivision: Congresses
670 ## - SOURCE DATA FOUND
- Source citation: Work cat.: ()1045754: Quality assurance in distance education /, 1995
